| 000 | 00867nam a22002175i 4500 | ||
|---|---|---|---|
| 001 | 152903 | ||
| 003 | ES-MaACL | ||
| 005 | 20250728095142.0 | ||
| 008 | 051018s1882 xxk | |||||||| ||eng d | ||
| 040 |
_aCAM _bspa _cCAM |
||
| 100 | 1 |
_aBuxton, Edward North. _932989 |
|
| 245 | 1 | 4 |
_aThe ABC of free trade _b: an address delivered to the West Ham Liberal Association, March 6, 1882 / _cby Edward North Buxton. |
| 260 |
_aLondon [etc] : _bCassell, Petter, Galpin & Co., _c1882. |
||
| 300 |
_a31 p. ; _c18 cm. |
||
| 490 | 1 | _aWorks published for The Cobden Club | |
| 650 | 7 |
_aLiberalismo económico _2embne _9135483 |
|
| 710 | 2 |
_aCobden Club (London, England) _92870 |
|
| 830 | 0 |
_aWorks published for The Cobden Club _9221378 |
|
| 852 |
_aES-MaACL _jT-1302-F-7 _z-- Enc. hol., conservando la cub. original _z-- Enc. en un vol. facticio |
||
| 999 |
_c152903 _d152903 |
||